00593nam a2200169 u 450000100100000000500170001000800410002702000180006804000250008608200230011110000340013424501020016826000390027030000200030950000630032950400310039200002036920200929170404.0100813s2015 dr 000 0 spa d a9789945589931 aDO-SdBNPbspacBNPHU axxxxxxxxbxxxxxxxx1 aCastillo Espino, Rosa,d1985-10aEstudios de consumo cultural en latinoamérica :baciertos y desafíos /cRosa Castillo Espino. aSanto Domingo :bSantuario,c2015. a96 p. ;c23 cm. aIncluye datos biográficos del autor en la contracubierta aBibliografías : p. 89-96